| 000 | 00573nam a2200181Ia 4500 | ||
|---|---|---|---|
| 005 | 20250423095423.0 | ||
| 008 | 250422s9999 xx 000 0 und d | ||
| 020 | _a9781466585027 | ||
| 050 | _aHD 30.2 .P43/ | ||
| 100 | _aPham, Tiffany... [et al.] | ||
| 245 | 0 | _aFrom business strategy to information technology roadmap : a practical guide for excutives and board member | |
| 260 | _aNew York | ||
| 260 | _bCRC press taylor & francis group | ||
| 260 | _c2013 | ||
| 300 | _a251 p | ||
| 650 | _aInformation technology--Management. Strategic planning. | ||
| 942 | _cBK | ||
| 999 |
_c30221 _d30221 |
||